000 00575nam a2200169 4500
001 118210
003 ES-MaACL
005 20230906191043.0
007 t|
008 070214s1950 mr r ||||1| spa d
100 1 _aPardo Alcaide, Anselmo.
_988985
245 1 0 _aContribución al conocimiento de la fauna entomológica marroquí /
_cpor Anselmo Pardo Alcaide.
_n, . III.
260 _aTetúan :
_bEd. Marroquí,
_c1950.
300 _a74 p. ;
_c21 cm.
710 2 _aInstituto General Franco de Estudios e Investigación Hispano-Árabe.
_9149197
852 _aES-MaACL
_jE-3577
999 _c118210
_d118210